| 000 | 004590000a22001690004500 | ||
|---|---|---|---|
| 003 | MACL | ||
| 005 | 20160106131843.0 | ||
| 008 | 160106b xxu||||| |||| 00| 0 eng d | ||
| 040 |
_aMACL _cMACL |
||
| 041 | _aEnglish | ||
| 082 | _a822/CON | ||
| 100 |
_aConstable And co. _928629 |
||
| 245 | _aBack to methuselah A metabiological pentateuch By Bernard Shaw | ||
| 260 |
_bConstable And Co. _c1949 _aLondon |
||
| 650 |
_aDrama _928630 |
||
| 942 |
_cBK _k822/con _2ddc |
||
| 999 |
_c35011 _d35011 |
||